[Event "32nd ECC Women 2016"]
[Site "Novi Sad SRB"]
[Date "2016.11.07"]
[Round "2.3"]
[Board "4"]
[White "Kazimova, Narmin"]
[Black "Kovanova, Baira"]
[Result "1/2-1/2"]
[WhiteTitle "WGM"]
[BlackTitle "WGM"]
[WhiteElo "2323"]
[BlackElo "2382"]
[WhiteTeam "Odlar Yurdu"]
[BlackTeam "Ugra Chess Club"]
[WhiteFideId "13402951"]
[BlackFideId "4164083"]
[EventDate "2016.11.06"]

1. d4 Nf6 2. c4 e6 3. Nc3 Bb4 4. e3 O-O 5. Bd3 c5 6. Nf3 d5 7. O-O b6 8. cxd5
exd5 9. Bd2 c4 10. Be2 Bxc3 11. Bxc3 Ne4 12. Bb4 Re8 13. b3 Nc6 14. Be1 Be6 15.
bxc4 dxc4 16. Qc2 Qd5 17. Nd2 Nxd2 18. Bxd2 Rac8 19. Bf3 Qd7 20. Bc3 Bf5 21. e4
Bg6 22. Rad1 b5 23. a3 a5 24. Qd2 b4 25. axb4 axb4 26. Bxb4 Nxb4 27. Qxb4 Bxe4
28. Bxe4 Rxe4 29. Qc3 Qd5 30. Rfe1 Rce8 31. Rxe4 Rxe4 32. h3 h6 33. Qf3 Qe6 34.
Qc3 Qd5 35. Qf3 Qe6 1/2-1/2

[Event "32nd ECC Women 2016"]
[Site "Novi Sad SRB"]
[Date "2016.11.07"]
[Round "2.4"]
[Board "1"]
[White "Paehtz, Elisabeth"]
[Black "Zhukova, Natalia"]
[Result "1/2-1/2"]
[WhiteTitle "IM"]
[BlackTitle "GM"]
[WhiteElo "2474"]
[BlackElo "2448"]
[WhiteTeam "SS Lazio Scacchi"]
[BlackTeam "Jelica PEP - Goracici"]
[WhiteFideId "4641833"]
[BlackFideId "14101513"]
[EventDate "2016.11.06"]

1. d4 Nf6 2. c4 c5 3. d5 b5 4. cxb5 a6 5. bxa6 g6 6. Nc3 Bg7 7. e4 O-O 8. a7
Rxa7 9. Nf3 e6 10. Be2 exd5 11. exd5 d6 12. O-O Na6 13. h3 Nc7 14. Bc4 Ba6 15.
Qd3 Bxc4 16. Qxc4 Qa8 17. Rd1 Rb8 18. a3 Ra6 19. Rb1 Nd7 20. Qd3 Rab6 21. Bf4
Bxc3 22. Qxc3 Nxd5 23. Qd2 Nxf4 24. Qxf4 d5 25. Ng5 Rf6 26. Qh4 h5 27. Qg3 Rf5
28. b4 cxb4 29. axb4 Qa4 30. Rd4 Rc8 1/2-1/2

[Event "32nd ECC Women 2016"]
[Site "Novi Sad SRB"]
[Date "2016.11.07"]
[Round "2.4"]
[Board "2"]
[White "Velikic, Adela"]
[Black "Brunello, Marina"]
[Result "1/2-1/2"]
[BlackTitle "FM"]
[WhiteElo "2207"]
[BlackElo "2349"]
[WhiteTeam "Jelica PEP - Goracici"]
[BlackTeam "SS Lazio Scacchi"]
[WhiteFideId "913553"]
[BlackFideId "822590"]
[EventDate "2016.11.06"]

1. d4 d5 2. c4 c6 3. cxd5 cxd5 4. Bg5 h6 5. Bh4 Qb6 6. Nc3 e6 7. Qd2 Nc6 8. e3
Nge7 9. Bd3 Bd7 10. Nf3 Nb4 11. Bb1 Bb5 12. Nxb5 Qxb5 13. Qe2 Qxe2+ 14. Kxe2 Nc8
15. Rc1 Bd6 16. Ne5 Nb6 17. a3 Na6 18. Bg3 O-O 19. Bd3 Rfc8 20. Nc6 Nc4 21. Bxd6
Rxc6 22. Bg3 Rac8 23. Rc2 Nb8 24. Rb1 a6 25. f3 Nd7 26. Ra1 Na5 27. Rxc6 Rxc6
28. Be1 Nb3 29. Rd1 Nc1+ 30. Kd2 Nxd3 31. Kxd3 Nb6 32. b3 f5 33. h3 Kf7 34. Bd2
Nd7 35. g4 Nf6 36. Re1 Rb6 37. Rb1 Rc6 38. a4 Rc8 39. Re1 Rc6 40. Rg1 Rc8 41.
Rb1 Rc6 42. Re1 1/2-1/2

[Event "32nd ECC Women 2016"]
[Site "Novi Sad SRB"]
[Date "2016.11.07"]
[Round "2.4"]
[Board "3"]
[White "Di Benedetto, Desiree"]
[Black "Eric, Jovana"]
[Result "1-0"]
[WhiteTitle "WFM"]
[BlackTitle "WIM"]
[WhiteElo "2137"]
[BlackElo "2209"]
[WhiteTeam "SS Lazio Scacchi"]
[BlackTeam "Jelica PEP - Goracici"]
[WhiteFideId "875813"]
[BlackFideId "938238"]
[EventDate "2016.11.06"]

1. Nf3 Nf6 2. c4 c5 3. Nc3 Nc6 4. d4 cxd4 5. Nxd4 g6 6. e4 d6 7. Be2 Bg7 8. Be3
O-O 9. O-O Bd7 10. h3 Nxd4 11. Bxd4 Bc6 12. Qd3 Nd7 13. Bxg7 Kxg7 14. Qd4+ Kg8
15. b3 a5 16. Rac1 Nc5 17. Nd5 e5 18. Qe3 Bxd5 19. cxd5 Qb6 20. Rc4 Qa7 21. Rc3
Kg7 22. Kh2 f6 23. a3 Qb6 24. Rb1 Rfc8 25. Bg4 Rc7 26. b4 axb4 27. axb4 h5 28.
Rcc1 hxg4 29. bxc5 g3+ 30. Kxg3 Qa6 31. cxd6 Qxd6 32. Rb6 Qd7 33. Rxc7 Qxc7 34.
d6 Qd7 35. Qb3 Rb8 36. Kh2 g5 37. Qc4 Rc8 38. Qb5 Qxb5 39. Rxb5 Rb8 40. d7 Kf7
41. Rxb7 Rd8 42. Kg3 Ke7 43. Kg4 Ra8 44. Rb6 Ra4 45. Rxf6 Rxe4+ 46. Kxg5 Kxd7
47. h4 1-0

[Event "32nd ECC Women 2016"]
[Site "Novi Sad SRB"]
[Date "2016.11.07"]
[Round "2.4"]
[Board "4"]
[White "Prudnikova, Svetlana"]
[Black "Santeramo, Alessia"]
[Result "0-1"]
[WhiteTitle "WGM"]
[BlackTitle "WFM"]
[WhiteElo "2296"]
[BlackElo "2097"]
[WhiteTeam "Jelica PEP - Goracici"]
[BlackTeam "SS Lazio Scacchi"]
[WhiteFideId "929700"]
[BlackFideId "850810"]
[EventDate "2016.11.06"]

1. Nf3 Nf6 2. c4 c5 3. Nc3 Nc6 4. d4 cxd4 5. Nxd4 e6 6. g3 Qb6 7. Ndb5 Ne5 8.
Bg2 a6 9. Be3 Qa5 10. Bf4 axb5 11. Bxe5 bxc4 12. Bxf6 gxf6 13. Qd4 Bg7 14. Qxc4
O-O 15. e4 f5 16. exf5 d5 17. Qh4 Bxc3+ 18. bxc3 Qxc3+ 19. Ke2 Qb2+ 0-1

[Event "32nd ECC Women 2016"]
[Site "Novi Sad SRB"]
[Date "2016.11.07"]
[Round "2.5"]
[Board "1"]
[White "Socko, Monika"]
[Black "Sandu, Mihaela"]
[Result "1-0"]
[WhiteTitle "GM"]
[BlackTitle "WGM"]
[WhiteElo "2428"]
[BlackElo "2207"]
[WhiteTeam "ASD C.S.R. Fischer Chieti"]
[BlackTeam "Midland Monarchs"]
[WhiteFideId "1106619"]
[BlackFideId "1204327"]
[EventDate "2016.11.06"]

1. d4 Nf6 2. c4 g6 3. Nc3 Bg7 4. e4 d6 5. f3 O-O 6. Nge2 e5 7. Bg5 h6 8. Be3 c6
9. Qd2 Nbd7 10. O-O-O h5 11. Kb1 a6 12. dxe5 dxe5 13. Na4 Qe7 14. c5 Re8 15. Nc1
Nf8 16. Nb6 Rb8 17. Nxc8 Rbxc8 18. Bc4 Red8 19. Qc2 Ne6 20. Nb3 Kh7 21. Rxd8
Rxd8 22. Rd1 Bh6 23. Bf2 Ne8 24. Bxe6 Rxd1+ 25. Qxd1 Qxe6 26. Na5 Qe7 27. h4 g5
28. hxg5 Qxg5 29. g3 Ng7 30. Nxb7 f5 31. Nd6 f4 32. Nf7 Qf6 33. Nxh6 Qxh6 34.
Qd6 Qg5 35. Qd2 Ne6 36. Qd7+ Ng7 37. Qh3 fxg3 38. Bxg3 Qd2 39. Qf1 Qd4 40. Bf2
Qd2 41. Bg3 Qd4 42. a3 Qxc5 43. Ka2 a5 44. Qd1 Kg6 45. Qb3 Kf6 46. Bh4+ Kg6 47.
Be1 Kf6 48. Qg8 Kg6 49. Bc3 Qe7 50. b3 a4 51. bxa4 Qf6 52. a5 Qxf3 53. Bxe5 Qxe4
54. Qxg7+ 1-0

[Event "32nd ECC Women 2016"]
[Site "Novi Sad SRB"]
[Date "2016.11.07"]
[Round "2.5"]
[Board "2"]
[White "Srebrnic, Ana"]
[Black "Zimina, Olga"]
[Result "1/2-1/2"]
[WhiteTitle "WGM"]
[BlackTitle "IM"]
[WhiteElo "2216"]
[BlackElo "2394"]
[WhiteTeam "Midland Monarchs"]
[BlackTeam "ASD C.S.R. Fischer Chieti"]
[WhiteFideId "14603314"]
[BlackFideId "4132190"]
[EventDate "2016.11.06"]

1. Nf3 d5 2. g3 Bg4 3. Bg2 Nd7 4. O-O c6 5. d3 e6 6. h3 Bh5 7. Qe1 Bd6 8. Nbd2
Ne7 9. e4 O-O 10. Nh4 Ng6 11. Nhf3 Bxf3 12. Nxf3 a5 13. h4 Nge5 14. Qe2 Nxf3+
15. Bxf3 a4 16. d4 dxe4 17. Bxe4 Nf6 18. Bg2 Re8 19. Be3 Qa5 20. Bg5 Qf5 21.
Rad1 h6 22. Bxf6 Qxf6 23. c4 Bc7 24. Qf3 Qe7 25. d5 Ra6 26. dxe6 Qxe6 27. Qd3
Re7 28. Bf3 Ra5 29. Rd2 Re5 30. Kg2 Ba5 31. Rdd1 Qf6 32. Qc2 a3 33. bxa3 g6 34.
Rb1 Qd6 35. Rb3 Qc7 36. Rd1 Bb6 37. Qb2 Bc5 38. Rbd3 Qb6 39. Rd8+ Kg7 40. Qxb6
Bxb6 41. R8d7 h5 42. a4 Kf8 43. Rxe7 Rxe7 44. Rd2 Ba5 45. Rd3 Ke8 46. Rd4 Re1 1/2-1/2

[Event "32nd ECC Women 2016"]
[Site "Novi Sad SRB"]
[Date "2016.11.07"]
[Round "2.5"]
[Board "3"]
[White "Paolillo, Gaia"]
[Black "Chevannes, Sabrina L"]
[Result "1/2-1/2"]
[WhiteTitle "WFM"]
[BlackTitle "WIM"]
[WhiteElo "2013"]
[BlackElo "2012"]
[WhiteTeam "ASD C.S.R. Fischer Chieti"]
[BlackTeam "Midland Monarchs"]
[WhiteFideId "864986"]
[BlackFideId "411280"]
[EventDate "2016.11.06"]

1. Nf3 Nf6 2. c4 e6 3. g3 d5 4. Bg2 dxc4 5. Qa4+ Nbd7 6. Qxc4 a6 7. Qc2 c5 8.
Nc3 Bd6 9. O-O O-O 10. d4 cxd4 11. Nxd4 Qe7 12. Rd1 Rb8 13. h3 h6 14. a4 Ne5 15.
b3 Bd7 16. Bb2 Rfc8 17. Rac1 Nc6 18. Nxc6 Bxc6 19. Ne4 Nxe4 20. Bxe4 Bxe4 21.
Qxe4 Rxc1 22. Bxc1 Rd8 23. Bb2 f6 24. Rd3 Rc8 25. Kg2 Kf7 26. h4 Rc6 27. Qh7 e5
28. Rc3 Qc7 29. Qd3 Rxc3 30. Bxc3 Qc6+ 31. e4 Ke7 32. Kf1 Qb6 1/2-1/2

[Event "32nd ECC Women 2016"]
[Site "Novi Sad SRB"]
[Date "2016.11.07"]
[Round "2.5"]
[Board "4"]
[White "Serbanescu, Diana-Maria"]
[Black "Di Primio, Eugenia"]
[Result "1/2-1/2"]
[WhiteElo "1989"]
[BlackElo "1928"]
[WhiteTeam "Midland Monarchs"]
[BlackTeam "ASD C.S.R. Fischer Chieti"]
[WhiteFideId "1200550"]
[BlackFideId "821942"]
[EventDate "2016.11.06"]

1. e4 e5 2. Nf3 Nc6 3. d4 exd4 4. Nxd4 Nf6 5. Nxc6 bxc6 6. e5 Qe7 7. Qe2 Nd5 8.
c4 Nb6 9. Nc3 Qe6 10. Qe4 g6 11. Bd3 Bg7 12. f4 O-O 13. O-O f5 14. Qe2 d6 15. c5
dxc5 16. b3 Rd8 17. Be3 Bf8 18. Na4 c4 19. Bxc4 Nxc4 20. bxc4 Ba6 21. Rac1 c5
22. Nxc5 Bxc5 23. Bxc5 Qc6 24. Qe3 Bb7 25. Rf2 Qa4 26. Qb3 Qc6 27. Be7 Rd4 28.
c5+ Qd5 29. c6 Qxb3 30. axb3 Ba6 31. h3 Kf7 32. Bc5 Rd5 33. b4 Bb5 34. Kh2 a6
35. g4 Rad8 36. e6+ Kf6 37. e7 Re8 38. Ra1 Rd3 39. Raa2 Rd1 40. Rad2 Rxd2 41.
Rxd2 Bxc6 42. Kg3 Ke6 43. Rd8 Kf6 44. Kh4 h6 45. Kg3 Ke6 46. Kf2 Bb5 47. Kg3 Bc6
48. Kf2 Bb5 49. Kg3 1/2-1/2

[Event "32nd ECC Women 2016"]
[Site "Novi Sad SRB"]
[Date "2016.11.07"]
[Round "2.6"]
[Board "1"]
[White "Berzina, Ilze"]
[Black "Efroimski, Marsel"]
[Result "1-0"]
[WhiteTitle "WGM"]
[BlackTitle "WGM"]
[WhiteElo "2283"]
[BlackElo "2312"]
[WhiteTeam "Kaunas CC Margiris"]
[BlackTeam "Rishon Le Zion"]
[WhiteFideId "11601345"]
[BlackFideId "2810964"]
[EventDate "2016.11.06"]

1. e4 e6 2. d4 d5 3. e5 c5 4. c3 Qb6 5. Nf3 Nc6 6. a3 Nh6 7. b4 cxd4 8. cxd4 Nf5
9. Bb2 Bd7 10. g4 Nfe7 11. Nc3 Ng6 12. h4 h5 13. g5 Na5 14. Na4 Qc6 15. Nc5 Bxc5
16. dxc5 Nc4 17. Bd4 a5 18. Bd3 Qc7 19. O-O axb4 20. axb4 O-O 21. Re1 Bb5 22.
Nh2 Ra3 23. Rxa3 Nxa3 24. Be2 Bxe2 25. Qxe2 Nxh4 26. Qxh5 Nc2 27. Rd1 Nf5 28.
Bb2 Nxb4 29. Ng4 Rc8 30. Kg2 Kf8 31. Rh1 Nd3 32. Bc1 Qxc5 33. Qh8+ Ke7 34. Ba3
Nf4+ 35. Kg1 Ne2+ 36. Kg2 Nf4+ 37. Kg1 Ne2+ 38. Kg2 Qxa3 39. Qxc8 Nf4+ 40. Kg1
Nh3+ 41. Rxh3 Qxh3 42. Qc7+ Ke8 43. Nf6+ gxf6 44. Qc8+ 1-0

[Event "32nd ECC Women 2016"]
[Site "Novi Sad SRB"]
[Date "2016.11.07"]
[Round "2.6"]
[Board "2"]
[White "Mdivani, Maka"]
[Black "Sibajeva, Marija"]
[Result "1-0"]
[BlackTitle "WCM"]
[WhiteElo "1958"]
[BlackElo "1869"]
[WhiteTeam "Rishon Le Zion"]
[BlackTeam "Kaunas CC Margiris"]
[WhiteFideId "2817691"]
[BlackFideId "12807583"]
[EventDate "2016.11.06"]

1. d4 d5 2. c4 dxc4 3. Nc3 a6 4. a4 Nc6 5. Nf3 Nf6 6. h3 g6 7. e4 Na5 8. Be3 c6
9. Ne5 Be6 10. Qc2 Nd7 11. Nf3 Nf6 12. Rd1 Bg7 13. Be2 O-O 14. O-O Qc7 15. Ng5
Rad8 16. f4 Bc8 17. g4 h6 18. Nf3 b5 19. axb5 axb5 20. d5 Qb7 21. Ra1 Qc7 22.
dxc6 Nb3 23. Ra7 Qxc6 24. Ne5 Rd2 25. Qxd2 Nxd2 26. Nxc6 Nxf1 27. Nxe7+ Kh7 28.
Kxf1 1-0

[Event "32nd ECC Women 2016"]
[Site "Novi Sad SRB"]
[Date "2016.11.07"]
[Round "2.6"]
[Board "3"]
[White "Gailiunaite, Saule"]
[Black "Federovski, Adi"]
[Result "1-0"]
[WhiteElo "1804"]
[BlackElo "1937"]
[WhiteTeam "Kaunas CC Margiris"]
[BlackTeam "Rishon Le Zion"]
[WhiteFideId "12807737"]
[BlackFideId "2813777"]
[EventDate "2016.11.06"]

1. d4 Nf6 2. c4 g6 3. Nc3 Bg7 4. e4 d6 5. Nf3 O-O 6. Be2 e5 7. Be3 Ng4 8. Bg5 f6
9. Bh4 g5 10. Bg3 Nc6 11. d5 Ne7 12. Nd2 Nh6 13. b4 Ng6 14. Rc1 f5 15. f3 f4 16.
Bf2 g4 17. fxg4 Nh4 18. O-O Rf7 19. c5 Bf6 20. Nc4 Rg7 21. cxd6 cxd6 22. h3 Nf7
23. Nb5 h5 24. Nxa7 Bd7 25. Nb6 Rxa7 26. Nxd7 Rxa2 27. Nxf6+ Qxf6 28. Qe1 Ng6
29. gxh5 f3 30. Rc8+ Nd8 31. Bxf3 Nf4 32. Bh4 Nxh3+ 33. Kh1 Ng5 34. Bg4 Qe7 35.
h6 Rg6 36. Be6+ Kh8 37. Rf7 Qe8 38. Qf1 Ngxf7 39. Bxf7 Ra1 40. Qxa1 Qxf7 41.
Rxd8+ Kh7 42. Qc1 Rg4 43. Qe1 Qf4 44. Rd7+ Kxh6 45. Bf2 1-0

[Event "32nd ECC Women 2016"]
[Site "Novi Sad SRB"]
[Date "2016.11.07"]
[Round "2.6"]
[Board "4"]
[White "Vardi, Shlomit"]
[Black "Perminaite, Guoda"]
[Result "1/2-1/2"]
[WhiteElo "1889"]
[BlackElo "1762"]
[WhiteTeam "Rishon Le Zion"]
[BlackTeam "Kaunas CC Margiris"]
[WhiteFideId "2801442"]
[BlackFideId "12808784"]
[EventDate "2016.11.06"]

1. e4 e5 2. Nf3 Nc6 3. Bc4 Bc5 4. c3 Nf6 5. d3 d6 6. Bb3 a6 7. O-O Ba7 8. h3 h6
9. Re1 O-O 10. Nbd2 Nh5 11. Nf1 Qf6 12. Be3 Nf4 13. Kh1 Kh8 14. N1h2 Bxe3 15.
fxe3 Ng6 16. Rf1 Qe7 17. Qe1 f5 18. exf5 Bxf5 19. e4 Be6 20. Bxe6 Qxe6 21. Nh4
Rxf1+ 22. Nxf1 Nxh4 23. Qxh4 Rf8 24. Ne3 Rf4 25. Qh5 Qf7 26. Qxf7 Rxf7 27. Rf1
Rxf1+ 28. Nxf1 Kh7 29. Ne3 Ne7 30. g3 g6 31. Kg2 Kg7 32. Kf3 b5 33. b4 c6 34. d4
h5 35. h4 Kf6 36. g4 Ke6 37. a3 Kf6 38. Nf1 hxg4+ 39. Kxg4 Nc8 40. Nd2 Nb6 41.
dxe5+ dxe5 42. Nb3 Na4 43. Na5 Nxc3 44. Nxc6 Nxe4 45. Nb8 Nd6 46. Nxa6 Nc4 47.
Nc5 Nxa3 48. Ne4+ Kg7 49. Kg5 Nc2 50. Nc3 Nxb4 51. Nxb5 Nd3 52. Nd6 1/2-1/2

[Event "32nd ECC Women 2016"]
[Site "Novi Sad SRB"]
[Date "2016.11.07"]
[Round "2.7"]
[Board "1"]
[White "Hapala, Elisabeth"]
[Black "Galliamova, Alisa"]
[Result "0-1"]
[WhiteTitle "WFM"]
[BlackTitle "IM"]
[WhiteElo "2042"]
[BlackElo "2434"]
[WhiteTeam "ASVOE Pamhagen"]
[BlackTeam "Ladya Kazan"]
[WhiteFideId "1622080"]
[BlackFideId "4129725"]
[EventDate "2016.11.06"]

1. e4 e5 2. Nf3 Nc6 3. Bb5 g6 4. c3 Bg7 5. O-O a6 6. Ba4 Nge7 7. d4 exd4 8. cxd4
b5 9. Bb3 Na5 10. Bc2 O-O 11. Nc3 d6 12. h3 c5 13. Bg5 Qc7 14. Rc1 Bb7 15. Bb1
Nc4 16. b3 Na3 17. Bd3 Rfe8 18. Re1 Rac8 19. Qd2 Qd7 20. Nb1 Nxb1 21. Bxb1 cxd4
22. Nxd4 Rxc1 23. Rxc1 d5 24. exd5 Qxd5 25. Nf3 Qxd2 26. Nxd2 h6 27. Bh4 Nd5 28.
Ne4 Nf4 29. Nd6 Re6 30. Rd1 Ne2+ 31. Kf1 Nc3 32. Rd3 Bc6 33. Bc2 Nxa2 34. Nc8
Nb4 35. Rd8+ Kh7 36. Bd1 Be4 37. Kg1 Bb7 38. Nd6 Re1+ 39. Kh2 Be5+ 40. Bg3 Bxg3+
41. Kxg3 Rxd1 42. Nxb7 Rxd8 43. Nxd8 a5 44. Nb7 a4 45. bxa4 bxa4 46. Nc5 a3 47.
Nb3 g5 48. h4 a2 49. Na1 Nd3 50. hxg5 hxg5 51. Kf3 Ne1+ 52. Kg3 Kg6 53. f3 Nd3
54. Kh2 Kf5 55. Kg3 Ke5 56. Kg4 Kd4 0-1

[Event "32nd ECC Women 2016"]
[Site "Novi Sad SRB"]
[Date "2016.11.07"]
[Round "2.7"]
[Board "2"]
[White "Ambartsumova, Karina"]
[Black "Mira, Helene"]
[Result "1-0"]
[WhiteTitle "WGM"]
[BlackTitle "WIM"]
[WhiteElo "2288"]
[BlackElo "2047"]
[WhiteTeam "Ladya Kazan"]
[BlackTeam "ASVOE Pamhagen"]
[WhiteFideId "4166299"]
[BlackFideId "1601601"]
[EventDate "2016.11.06"]

1. e4 e5 2. Nf3 Nc6 3. d4 exd4 4. Nxd4 Bc5 5. Nb3 Bb6 6. Qe2 Qe7 7. Nc3 Nf6 8.
Bg5 h6 9. Nd5 Qe5 10. Bxf6 gxf6 11. O-O-O Qg5+ 12. f4 Qg7 13. Qh5 d6 14. Rd3 Rf8
15. Qh4 Ne7 16. Nxf6+ Kd8 17. Nd5 f6 18. Rg3 Qh8 19. Nxe7 Kxe7 20. Rg6 h5 21.
Bc4 Be6 22. Bxe6 Kxe6 23. e5 dxe5 24. fxe5 Rae8 25. exf6 Be3+ 26. Kb1 Rxf6 27.
Rxf6+ Qxf6 28. Qxh5 Re7 29. Re1 Qf2 30. Qg6+ Kd7 31. Rd1+ Bd4 32. Qg4+ 1-0

[Event "32nd ECC Women 2016"]
[Site "Novi Sad SRB"]
[Date "2016.11.07"]
[Round "2.7"]
[Board "3"]
[White "Horvath, Maria"]
[Black "Nebolsina, Vera"]
[Result "0-1"]
[WhiteTitle "WFM"]
[BlackTitle "WGM"]
[WhiteElo "1975"]
[BlackElo "2178"]
[WhiteTeam "ASVOE Pamhagen"]
[BlackTeam "Ladya Kazan"]
[WhiteFideId "1601660"]
[BlackFideId "4163591"]
[EventDate "2016.11.06"]

1. d4 f5 2. Nf3 Nf6 3. g3 g6 4. Bg2 Bg7 5. c4 d6 6. Nc3 O-O 7. O-O c6 8. d5 e5
9. dxe6 Bxe6 10. Qb3 Nfd7 11. Be3 Nb6 12. Ng5 Bf7 13. Nxf7 Rxf7 14. c5 dxc5 15.
Bxc5 N8d7 16. Rad1 Qe8 17. Bd4 Bxd4 18. Rxd4 Qe5 19. Rfd1 Kg7 20. e3 Re8 21. h4
Nf6 22. Bf3 Qc7 23. a4 Nbd7 24. Bg2 Ne5 25. Ne2 Neg4 26. Nf4 Qe5 27. Qc2 h6 28.
Qd2 g5 29. hxg5 hxg5 30. Nd3 Qc7 31. Qc3 Kg6 32. Nc5 b6 33. Nb3 c5 34. Rd6 Kh7
35. a5 Ne4 36. Bxe4 fxe4 37. R1d2 Ne5 38. Kg2 Qc8 39. Qc1 Kg8 40. Qd1 Rh7 41. g4
Nf3 42. Kg3 Qc7 43. Rd5 Re6 44. Kg2 Rh2+ 0-1

[Event "32nd ECC Women 2016"]
[Site "Novi Sad SRB"]
[Date "2016.11.07"]
[Round "2.7"]
[Board "4"]
[White "Markelova, Lubov"]
[Black "Kosc, Renata"]
[Result "1/2-1/2"]
[WhiteTitle "WFM"]
[WhiteElo "2133"]
[BlackElo "2016"]
[WhiteTeam "Ladya Kazan"]
[BlackTeam "ASVOE Pamhagen"]
[WhiteFideId "24131369"]
[BlackFideId "1602578"]
[EventDate "2016.11.06"]

1. d4 f5 2. Bf4 Nf6 3. e3 d6 4. Nc3 e6 5. Bd3 Nc6 6. Nf3 Nb4 7. Be2 Be7 8. h3
O-O 9. O-O h6 10. Bh2 g5 11. a3 Nbd5 12. Nxd5 Nxd5 13. c4 Nf6 14. Nd2 Bd7 15. b4
Qe8 16. b5 Bd8 17. a4 Qg6 18. c5 dxc5 19. dxc5 Nd5 20. Rc1 Bf6 21. Nc4 c6 22.
Qb3 Qg7 23. Nd6 Rab8 24. Nc4 e5 25. e4 fxe4 26. Ne3 Be6 27. Bc4 Qf7 28. Ng4 Qg7
29. Rfd1 Rfd8 30. Rd2 h5 31. Ne3 Qf7 32. Rcd1 Nf4 33. Bxe6 Qxe6 34. Qxe6+ Nxe6
35. Rd6 Rxd6 36. Rxd6 Kf7 37. Nc4 Nxc5 38. Bxe5 Bxe5 39. Nxe5+ Ke7 40. Rxc6 bxc6
41. Nxc6+ Kd6 42. Nxb8 Nxa4 43. Nc6 a6 44. Na7 axb5 45. Nxb5+ Ke5 46. g3 Nc5 1/2-1/2

[Event "32nd ECC Women 2016"]
[Site "Novi Sad SRB"]
[Date "2016.11.08"]
[Round "3.1"]
[Board "2"]
[White "Batsiashvili, Nino"]
[Black "Muzychuk, Anna"]
[Result "1/2-1/2"]
[WhiteTitle "IM"]
[BlackTitle "GM"]
[WhiteElo "2489"]
[BlackElo "2561"]
[WhiteTeam "NONA Batumi"]
[BlackTeam "Cercle d'Echecs Monte-Carlo"]
[WhiteFideId "13602993"]
[BlackFideId "14111330"]
[EventDate "2016.11.06"]

1. d4 d5 2. c4 c6 3. cxd5 cxd5 4. Bf4 Nc6 5. e3 Nf6 6. Nc3 Bf5 7. Qb3 Na5 8.
Qa4+ Bd7 9. Qc2 e6 10. Nf3 Be7 11. h3 Ne4 12. Bd3 f5 13. O-O Rc8 14. Ne5 O-O 15.
Rac1 Nc6 16. Nxd7 Qxd7 17. Qe2 Bd6 18. Bxd6 Qxd6 19. Rfd1 Rf7 20. f3 Nxc3 21.
Rxc3 Rfc7 22. a3 g6 23. Bb1 Kg7 24. Qd2 Ne7 25. Rxc7 Rxc7 26. e4 dxe4 27. fxe4
Rd7 28. Qf2 a6 29. Bc2 fxe4 30. Bxe4 e5 31. d5 Ng8 32. Qe3 Nf6 33. Kh1 Rd8 34.
Re1 Rc8 35. Qd3 Rd8 36. Qe3 Nxe4 37. Qxe4 Qxd5 38. Qxe5+ Qxe5 39. Rxe5 Kf6 40.
Re2 Rd3 41. h4 Rb3 42. Kh2 Kf5 43. Re7 h6 44. Rh7 h5 45. Rf7+ Ke6 46. Rf2 a5 47.
Re2+ Kf5 48. Rf2+ Ke5 49. Re2+ Kf4 50. Rf2+ Ke5 51. Re2+ Kd5 52. Rd2+ Kc5 53.
Rc2+ Kd4 54. Rd2+ Ke5 55. Re2+ Kf6 56. Rf2+ Kg7 57. g3 b5 58. Kh3 a4 59. Kg2 g5
60. hxg5 Kg6 61. Kh3 Kxg5 62. Rc2 b4 63. axb4 Rxb4 64. Rc5+ Kg6 65. Ra5 Rxb2 66.
Rxa4 Rc2 1/2-1/2

[Event "32nd ECC Women 2016"]
[Site "Novi Sad SRB"]
[Date "2016.11.08"]
[Round "3.1"]
[Board "3"]
[White "Muzychuk, Mariya"]
[Black "Khotenashvili, Bela"]
[Result "1-0"]
[WhiteTitle "GM"]
[BlackTitle "GM"]
[WhiteElo "2532"]
[BlackElo "2426"]
[WhiteTeam "Cercle d'Echecs Monte-Carlo"]
[BlackTeam "NONA Batumi"]
[WhiteFideId "14114550"]
[BlackFideId "13602640"]
[EventDate "2016.11.06"]

1. d4 d5 2. c4 e6 3. Nc3 Be7 4. cxd5 exd5 5. Bf4 c6 6. e3 Bd6 7. Bxd6 Qxd6 8.
Bd3 Ne7 9. Qc2 b6 10. Nf3 Ba6 11. Bxa6 Nxa6 12. O-O O-O 13. Rfc1 Nc7 14. a3 Rfc8
15. b4 Qe6 16. Qb3 b5 17. a4 a6 18. Ne5 Ne8 19. Ne2 Nd6 20. axb5 axb5 21. Nf4
Qf5 22. Ned3 Nc4 23. Nc5 h5 24. Ra2 h4 25. Rca1 Rxa2 26. Rxa2 Ng6 27. Qd3 Qf6
28. Nxg6 fxg6 29. h3 Re8 30. Ra7 Rf8 31. Qc2 Re8 32. Qa2 Kh7 33. Ra8 Rxa8 34.
Qxa8 Qf5 35. Qd8 Qb1+ 36. Kh2 Nd2 37. Qxh4+ Kg8 38. Qd8+ Kh7 39. Qh4+ Kg8 40.
Qd8+ Kh7 41. g4 Nf3+ 42. Kg3 Nd2 43. Qh4+ Kg8 44. Kf4 Qh1 45. Qd8+ Kh7 46. Ke5
Qh2+ 47. Ke6 Qxf2 48. Kd7 Ne4 49. Kxc6 Qxe3 50. Qxd5 Nc3 51. Qe5 Qc1 52. d5 Qa1
53. Qe8 Na2 54. Kxb5 Qf1+ 55. Ka5 Nc3 56. d6 Qc4 57. Qc6 Nd5 58. Qb5 Qf4 59. Ne6
Qe5 60. d7 Qa1+ 61. Qa4 Qg1 62. Nc5 Nc3 63. d8=Q 1-0

[Event "32nd ECC Women 2016"]
[Site "Novi Sad SRB"]
[Date "2016.11.08"]
[Round "3.2"]
[Board "1"]
[White "Bodnaruk, Anastasia"]
[Black "Ushenina, Anna"]
[Result "1/2-1/2"]
[WhiteTitle "IM"]
[BlackTitle "GM"]
[WhiteElo "2470"]
[BlackElo "2453"]
[WhiteTeam "Chigorin Chess Club St Petersburg"]
[BlackTeam "Ugra Chess Club"]
[WhiteFideId "4181751"]
[BlackFideId "14110911"]
[EventDate "2016.11.06"]

1. e4 c5 2. Nc3 Nc6 3. Bb5 Nd4 4. Bc4 a6 5. a4 e6 6. Nge2 Nf6 7. Ba2 d5 8. exd5
exd5 9. Nxd4 cxd4 10. Ne2 d3 11. cxd3 Bd6 12. h3 O-O 13. O-O Bc7 14. d4 Qd6 15.
f4 Re8 16. Bb1 Qe6 17. Bd3 Bd7 18. b4 Ne4 19. Bb2 Qg6 20. Rf3 Qh6 21. Bxe4 Rxe4
22. Nc3 Rxd4 23. Nb5 Rxb4 24. Nxc7 Qb6+ 25. Kh2 Qxc7 26. Be5 Qc6 27. a5 Bf5 28.
Rc1 Rc4 29. Rxc4 dxc4 30. Rg3 f6 31. Bc3 Re8 32. Qh5 Bg6 33. Qg4 Qe6 34. f5 Qxf5
35. Qxc4+ Qe6 36. Qc7 Qc6 37. Qf4 b6 38. h4 bxa5 39. h5 Bxh5 40. Bxf6 Bg6 41.
Bc3 Qe4 42. Qc7 Re7 43. Qc8+ Re8 44. Qc7 Re7 45. Qc8+ Re8 1/2-1/2